000 00780cab a2200241 4500
001 ABS60110
008 090401t1999 xxu||||| |||| 00| 0 eng d
035 _a(Sirsi) u91551
041 _aeng
100 _aEvans, S.
245 _aRent or buy?
260 _c1999
350 _a0
490 _aLeisure Management
_v20(2) February 1999, 16(1)
520 _aLeisure operators have different preferences regarding tenure. Some prefer freehold because they have full control of the property, while others prefer leasehold, because it is quicker to get a return on their initial investment.
650 _aFREEHOLD
650 _aLEASEHOLD
650 _aLEISURE PROPERTY
650 _aTENURE
690 _aPROPERTY-COMMERCIAL PROPERTY
942 _n0
948 _c24/02/1999
999 _c58126
_d58126